书目信息 |
| 题名: |
生死瞬间
|
|
| 作者: | 何建明 著 | |
| 分册: | ||
| 出版信息: | 北京 中国文联出版公司 2000.05 |
|
| 页数: | 306页 | |
| 开本: | 32开 | |
| 丛书名: | ||
| 单 册: | ||
| 中图分类: | I25 | |
| 科图分类: | ||
| 主题词: | 报告文学--中国 , 传记文学--中国 | |
| 电子资源: | ||
| ISBN: | 7-5059-3603-4 | |
| 000 | 00560nam0 2200205 45 | |
| 001 | 0011111636 | |
| 005 | 20001111164832.4 | |
| 010 | @a7-5059-3603-4@d17.60元 | |
| 100 | @a20001111d2000 km y0chiy0120 ea | |
| 101 | 0 | @achi |
| 105 | @a z 000yy | |
| 200 | 1 | @a生死瞬间@ASheng Si Shun Jian@f何建明著@FHe Jian Ming Zhu |
| 210 | @a北京@c中国文联出版公司@d2000.05 | |
| 215 | @a306页@d32开 | |
| 606 | 0 | @a报告文学@x中国 |
| 606 | 0 | @a传记文学@x中国 |
| 690 | @aI25@v3 | |
| 701 | 0 | @a何建明@4著 |
| 801 | @aCN@bPftUser@c20001111 | |
| 905 | @b403547-549@dI25@eH529@f3 | |
| 生死瞬间/何建明著.-北京:中国文联出版公司,2000.05 |
| 306页;32开 |
| ISBN 7-5059-3603-4:17.60元 |
| ● |
| 相关链接 |
|
|
|
正题名:生死瞬间
索取号:I25/H529
 
预约/预借
| 序号 | 登录号 | 条形码 | 馆藏地/架位号 | 状态 | 备注 |
| 1 | 403547 | 204035472 | 社科二线422/422社科库 29排3列2层/ [索取号:I25/H529] | 在馆 | |
| 2 | 403548 | 204035481 | 文学库108/108文学库 65排5列4层/ [索取号:I25/H529] | 在馆 | |
| 3 | 403549 | 204035490 | 文学库108/108文学库 65排5列4层/ [索取号:I25/H529] | 在馆 |